000 01095nam a2200373 c 4500
001 959
003 DO-SdBPM
005 20250813134027.0
007 ta
008 160506s2018 dr a || 000 1 spa
015 _a
017 _a
_b
020 _a 9789945166088
035 _a
040 _aDO-SdBPM
_bspa
_cBPMSU
_erda
080 _a
082 4 _a158.12
_bA185m 2018
_222
100 1 _aAcosta, Pedro
_eautor
_d
_4
240 1 3 _a
_l
245 1 0 _aMindfulness para el mundo:
_bvivir en el presente sin juzgar/
_cPedro Acosta ;prólogo Rafael García Alvarez
260 _a
_b
_c
264 _aSanto Domingo :
_bEditora Búbho,
_c2018
300 _a94 páginasl ;
_c23 cm
_b
336 _atexto
_btxt
_2rdacontent
337 _asin mediación
_bn
_2rdamedia
338 _avolumen
_bnc
_2rdacarrier
590 _aInventariado, 2025/VM
590 _6Inventariado, 2025/VM
650 7 _aConciencia (Psicología)
_v
_2
650 7 _aMindfulness (Psicología)
650 7 _aConducta (Psicología)
910 _a VMateo V. Control de calidad, BPMSU
942 _2ddc
_cBK
999 _c15338
_d15338